000 00645cam a2200241 4500
001 J62384
008 000000n2000 000 0 eng u
035 _a(Sirsi) u109219
041 _aENG
050 _a333.337
110 _aStrutt & Parker
_92509
245 4 _aThe business park index - Summer 2000
260 _aLondon
_bStrutt & Parker
_c2000
300 _a14p. : ill. ; 30cm.
650 _aLONDON
650 _aBUSINESS PARK INDEX
650 _aBUSINESS PARKS
650 _aOFFICE PARKS
650 _aPROPERTY INDICES
690 _aPROPERTY-COMMERCIAL PROPERTY
710 _aInvestment Property Databank
_92288
942 _n0
999 _c100906
_d100906